| 000 | 00702cam a2200217 a 4500 | ||
|---|---|---|---|
| 020 | _a0821327909 | ||
| 020 | _a0821327917 | ||
| 040 | _cDLC | ||
| 082 | 0 | 0 | _a363 PUB 1994 A018 Co. |
| 100 | 1 | _aLeitmann, Josef. | |
| 245 | 1 | 0 |
_aRapid urban environmental assessment : _blessons from cities in the developing world / |
| 260 |
_aWashington, D.C. : _bPublished for the Urban Management Programme by the World Bank, _cc1994. |
||
| 300 |
_a2 v. ; _c28 cm. |
||
| 490 | 1 | _aUrban Management Program, | |
| 650 | 0 | _aCities and towns | |
| 650 | 0 | _aEnvironmental risk assessment | |
| 650 | 0 | _aUrban ecology (Sociology) | |
| 650 | 0 | _aEnvironmental policy | |
| 710 | 2 | _aUrban Management Program. | |
| 942 | _cEK | ||
| 999 |
_c12006 _d12006 |
||